[Event "POL-chT 2nd League"]
[Site "Jastrzebia Gora"]
[Date "2023.09.08"]
[Round "7.42"]
[White "Pisarek, Elzbieta"]
[Black "Sliwicka, Weronika"]
[Result "1-0"]
[WhiteElo "1779"]
[BlackElo "1526"]
[PlyCount "111"]
[EventDate "2023.09.02"]
[EventType "team-swiss"]
[EventRounds "9"]
[EventCountry "POL"]
[SourceTitle "EXT 2024"]
[Source "ChessBase"]
[SourceDate "2023.10.10"]
[SourceVersion "1"]
[SourceVersionDate "2023.10.10"]
[SourceQuality "1"]
[WhiteTeam "Gliwice Politechnika Slaska"]
[BlackTeam "Torun UKS OPP"]
[WhiteTeamCountry "POL"]
[BlackTeamCountry "POL"]

1. e4 c5 2. Nf3 e6 3. d4 cxd4 4. Nxd4 a6 5. Bd3 Qc7 6. 0-0 Nf6 7. c4 d6 8. Nc3 g6 9. Kh1 Bg7 10. f4 Nbd7 11. Nb3 0-0 12. Be3 Nc5 13. Nxc5 dxc5 14. e5 Nd7 15. Ne4 Rd8 16. Qc2 b6 17. Rad1 Bb7 18. Nd6 Bc6 19. Be4 f5 20. Bxc6 Qxc6 21. Qc3 Kf8 22. Rd2 Ra7 23. Rfd1 Kg8 24. h4 Kf8 25. Bf2 Bh6 26. Be3 Bg7 27. Kg1 Ke7 28. Bf2 Bh6 29. Qe3 Kf8 30. h5 Kg7 31. hxg6 hxg6 32. b3 Rg8 33. Bh4 Kf8 34. Rd3 Bg7 35. Qg3 Bh6 36. Qe3 Bg7 37. Qg3 Bh6 38. Bg5 Bg7 39. Bh4 Bh6 40. Bg5 Bg7 41. Bd8 g5 42. Bxg5 Bf6 43. exf6 Nxf6 44. Qh4 Rh7 45. Bh6+ Ke7 46. R1d2 Rg6 47. Nxf5+ exf5 48. Qe1+ Ne4 49. Bg5+ Ke6 50. Rd5 Rb7 51. Re5+ Kf7 52. Rxf5+ Kg7 53. Re2 Re6 54. Rd5 Nxg5 55. Rxg5+ Kf6 56. Rg6+ 1-0

[Event "POL-ch Blitz U18 Girls"]
[Site "Bydgoszcz"]
[Date "2023.08.31"]
[Round "7"]
[White "Sliwicka, Weronika"]
[Black "Nowak, Zuzanna"]
[Result "1-0"]
[WhiteElo "1554"]
[BlackElo "1336"]
[PlyCount "85"]
[EventDate "2023.08.28"]
[EventType "swiss"]
[EventRounds "9"]
[EventCountry "POL"]
[SourceTitle "EXT 2024"]
[Source "ChessBase"]
[SourceDate "2023.10.10"]
[SourceVersion "1"]
[SourceVersionDate "2023.10.10"]
[SourceQuality "1"]

1. e4 e5 2. Nf3 Nc6 3. Nc3 Nf6 4. d4 exd4 5. Nxd4 Bb4 6. Nxc6 bxc6 7. Bd3 d5 8. exd5 cxd5 9. Bb5+ Bd7 10. Qe2+ Qe7 11. Bxd7+ Kxd7 12. Qxe7+ Kxe7 13. 0-0 Rhe8 14. Bg5 h6 15. Nxd5+ Kf8 16. Bxf6 Bc5 17. Bxg7+ Kxg7 18. Nxc7 Rac8 19. Nxe8+ Rxe8 20. Rfe1 Rb8 21. b3 Rc8 22. c4 Bb4 23. Re2 Rd8 24. h3 Kf6 25. a3 Bc5 26. b4 Bd4 27. Rb1 Rc8 28. c5 a5 29. Rd1 Bc3 30. Rd6+ Kg7 31. bxa5 Rxc5 32. Rc2 Kf8 33. Rd3 Bd4 34. Rxc5 Bxc5 35. a6 Ke7 36. Kf1 Ke6 37. Ke2 f5 38. a4 h5 39. Kf3 Ke7 40. Rd5 Ba7 41. Rxf5 Ke6 42. Rxh5 Kf6 43. Rh7 1-0

[Event "POL-ch Rapid U18 Girls"]
[Site "Bydgoszcz"]
[Date "2023.08.30"]
[Round "7"]
[White "Tokarz, Izabela"]
[Black "Sliwicka, Weronika"]
[Result "1-0"]
[WhiteElo "1661"]
[BlackElo "1471"]
[PlyCount "71"]
[EventDate "2023.08.28"]
[EventType "swiss"]
[EventRounds "11"]
[EventCountry "POL"]
[SourceTitle "EXT 2024"]
[Source "ChessBase"]
[SourceDate "2023.10.10"]
[SourceVersion "1"]
[SourceVersionDate "2023.10.10"]
[SourceQuality "1"]

1. d4 d5 2. c4 dxc4 3. Nf3 Nf6 4. e3 e6 5. Bxc4 c5 6. 0-0 a6 7. a4 Nc6 8. Nc3 cxd4 9. exd4 Be7 10. h3 0-0 11. Bg5 Nd5 12. Bxe7 Ndxe7 13. Qd3 Nd5 14. Rad1 Ncb4 15. Qd2 Nxc3 16. bxc3 Nd5 17. Bb3 b5 18. Rc1 Bb7 19. Bc2 Rc8 20. Bb1 Qf6 21. axb5 axb5 22. Qd3 g6 23. Ne1 b4 24. f3 Nxc3 25. Nc2 b3 26. Ne3 Nxb1 27. Rxb1 Rfd8 28. Qxb3 Ba6 29. Rfd1 Rxd4 30. Ng4 Rxd1+ 31. Rxd1 Qf4 32. Qb2 e5 33. Nxe5 Re8 34. Ng4 Re6 35. Rd8+ Re8 36. Rxe8# 1-0

[Event "POL-ch U16 Girls"]
[Site "Jastrzebia Gora"]
[Date "2023.??.??"]
[Round "2"]
[White "Domeradzka, Karolina"]
[Black "Sliwicka, Weronika"]
[Result "0-1"]
[WhiteElo "1194"]
[BlackElo "1374"]
[PlyCount "118"]
[EventDate "2023.03.11"]
[EventType "swiss"]
[EventRounds "9"]
[EventCountry "POL"]
[SourceTitle "CBM 213 Extra"]
[Source "ChessBase"]
[SourceDate "2023.05.31"]
[SourceVersion "1"]
[SourceVersionDate "2023.05.31"]
[SourceQuality "1"]

1. e4 c5 2. Nc3 e6 3. Nf3 a6 4. d4 cxd4 5. Nxd4 Qc7 6. g3 Nf6 7. Bg2 Bb4 8. Bd2 d6 9. Qe2 Bd7 10. f4 Nc6 11. Nf3 0-0-0 12. 0-0-0 e5 13. fxe5 Nxe5 14. Nxe5 dxe5 15. Nd5 Nxd5 16. exd5 Bxd2+ 17. Rxd2 Qd6 18. Rd3 Kb8 19. Rb3 Rc8 20. Re3 f6 21. Rd1 Ba4 22. Rd2 Bd7 23. g4 Bb5 24. Qf2 Rc4 25. h3 Rhc8 26. Kb1 Rf4 27. Rf3 Rxf3 28. Qxf3 Rc4 29. b3 Rf4 30. Qe3 Bf1 31. Bh1 Bb5 32. c4 Rf1+ 33. Kb2 Rxh1 34. cxb5 axb5 35. Qf3 Qb4 36. Qd3 Rxh3 37. Qc2 Qd6 38. Qf5 Qb4 39. Qc2 Qd6 40. Qf5 e4 41. Qxe4 Qe5+ 42. Qxe5+ fxe5 43. Re2 Rg3 44. Re4 Kc7 45. Rxe5 Rxg4 46. Re7+ Kd6 47. Rxb7 b4 48. a4 bxa3+ 49. Kxa3 Kxd5 50. b4 Kc6 51. Re7 h5 52. Ka4 Rg1 53. Re6+ Kd5 54. Re3 g5 55. b5 g4 56. Rb3 g3 57. Rb2 g2 58. Kb4 h4 59. b6 Kc6 0-1

[Event "POL-ch U16 Girls"]
[Site "Jastrzebia Gora"]
[Date "2023.??.??"]
[Round "7"]
[White "Sliwicka, Weronika"]
[Black "Biniak, Zuzanna"]
[Result "1-0"]
[WhiteElo "1374"]
[BlackElo "1457"]
[PlyCount "127"]
[EventDate "2023.03.11"]
[EventType "swiss"]
[EventRounds "9"]
[EventCountry "POL"]
[SourceTitle "CBM 213 Extra"]
[Source "ChessBase"]
[SourceDate "2023.05.31"]
[SourceVersion "1"]
[SourceVersionDate "2023.05.31"]
[SourceQuality "1"]

1. e4 c5 2. Nf3 d6 3. d4 cxd4 4. Nxd4 Nf6 5. Nc3 g6 6. Be3 Bg7 7. f3 h5 8. Qd2 Nc6 9. 0-0-0 Bd7 10. Kb1 a6 11. Be2 Rc8 12. Nd5 Nxd5 13. exd5 Ne5 14. Rhe1 0-0 15. Bh6 Kh7 16. Bxg7 Kxg7 17. Qg5 e6 18. Qxd8 Rfxd8 19. f4 Nc4 20. Bxc4 Rxc4 21. dxe6 Bxe6 22. Rxe6 Rxd4 23. Rxg6+ fxg6 24. Rxd4 Kf6 25. g3 Kf5 26. h3 Re8 27. Kc1 Re3 28. Rd5+ Ke6 29. Rd3 Re2 30. Kd1 Rh2 31. h4 Rg2 32. b3 Kf5 33. Rxd6 Rxg3 34. Rb6 Kxf4 35. Rxb7 Kg4 36. Rb4+ Kh3 37. Ra4 Rg1+ 38. Kd2 Rg2+ 39. Kc1 Rg1+ 40. Kb2 Rg2 41. Rxa6 Kxh4 42. a4 g5 43. Rg6 Rf2 44. a5 g4 45. a6 Rf8 46. a7 Ra8 47. Rg7 g3 48. b4 g2 49. Rxg2 Rxa7 50. b5 Kh3 51. Rg6 h4 52. b6 Rb7 53. c4 Kh2 54. c5 h3 55. Kb3 Kh1 56. Kb4 h2 57. Kb5 Rh7 58. Rg5 Rh6 59. Rd5 Kg1 60. c6 Rxc6 61. Rd1+ Kg2 62. Kxc6 h1Q 63. Rxh1 Kxh1 64. b7 1-0

[Event "POL-ch U16 Girls"]
[Site "Jastrzebia Gora"]
[Date "2023.??.??"]
[Round "3"]
[White "Sliwicka, Weronika"]
[Black "Kicinska, Magdalena"]
[Result "0-1"]
[WhiteElo "1374"]
[BlackElo "1573"]
[PlyCount "56"]
[EventDate "2023.03.11"]
[EventType "swiss"]
[EventRounds "9"]
[EventCountry "POL"]
[SourceTitle "CBM 213 Extra"]
[Source "ChessBase"]
[SourceDate "2023.05.31"]
[SourceVersion "1"]
[SourceVersionDate "2023.05.31"]
[SourceQuality "1"]

1. e4 c6 2. d4 d5 3. e5 Bf5 4. c4 e6 5. Nc3 Nd7 6. a3 Ne7 7. h4 h5 8. Be3 dxc4 9. Bxc4 Nb6 10. Bb3 Ned5 11. Nxd5 Nxd5 12. Qd2 Qb6 13. Bxd5 cxd5 14. Ne2 Be7 15. Rc1 0-0 16. Nf4 Rfc8 17. Nxh5 Rxc1+ 18. Qxc1 Qd8 19. g3 Be4 20. Rh2 Rc8 21. Qd1 Qa5+ 22. Bd2 Qb6 23. Qg4 g6 24. Nf6+ Bxf6 25. exf6 Qxb2 26. Qf4 Qb1+ 27. Ke2 Qd3+ 28. Ke1 Bf3 0-1

[Event "POL-ch U16 Girls"]
[Site "Jastrzebia Gora"]
[Date "2023.??.??"]
[Round "5"]
[White "Sliwicka, Weronika"]
[Black "Racis, Dominika"]
[Result "1-0"]
[WhiteElo "1374"]
[BlackElo "1201"]
[PlyCount "75"]
[EventDate "2023.03.11"]
[EventType "swiss"]
[EventRounds "9"]
[EventCountry "POL"]
[SourceTitle "CBM 213 Extra"]
[Source "ChessBase"]
[SourceDate "2023.05.31"]
[SourceVersion "1"]
[SourceVersionDate "2023.05.31"]
[SourceQuality "1"]

1. e4 c6 2. d4 d5 3. e5 Bf5 4. c4 dxc4 5. Bxc4 e6 6. Nc3 Bb4 7. Nge2 Nd7 8. a3 Bxc3+ 9. Nxc3 Nb6 10. Bb3 Qc7 11. h4 h5 12. Bf4 Ne7 13. Rc1 Nbd5 14. Bxd5 Nxd5 15. Nxd5 exd5 16. 0-0 Bg6 17. Qb3 Qd7 18. Qb4 0-0-0 19. Qc5 Qe6 20. Qxa7 Bd3 21. Rfe1 Kc7 22. Qa5+ Kb8 23. Qd2 Ba6 24. Bg3 Ka8 25. Qg5 Rdg8 26. b4 Rh6 27. a4 Bc4 28. Ra1 Rg6 29. Qxh5 Rg4 30. Qh7 Qc8 31. Qh5 g6 32. Qh7 Qf8 33. e6 Rg7 34. e7 Qxe7 35. Qxg7 Qd8 36. Qxf7 Ka7 37. Re8 Qb6 38. Bb8+ 1-0

[Event "POL-ch blitz (Women)"]
[Site "Bydgoszcz"]
[Date "2020.12.12"]
[Round "2"]
[White "Sliwicka, Weronika"]
[Black "Buchta, Agnieszka"]
[Result "0-1"]
[WhiteElo "1264"]
[BlackElo "1919"]
[PlyCount "75"]
[EventDate "2020.12.12"]
[EventType "swiss (blitz)"]
[EventRounds "11"]
[EventCountry "POL"]
[SourceTitle "CBM 199 Extra"]
[Source "ChessBase"]
[SourceDate "2021.01.31"]
[SourceVersion "1"]
[SourceVersionDate "2021.01.31"]
[SourceQuality "1"]

1. e4 e5 2. Nf3 Nc6 3. Nc3 Nf6 4. d4 exd4 5. Nxd4 Bb4 6. Nxc6 bxc6 7. Bd3 0-0 8. 0-0 d5 9. exd5 cxd5 10. Bd2 Bb7 11. a3 Bd6 12. Bg5 c5 13. Nb5 Be7 14. Nc3 Qb6 15. b3 Qc6 16. Qf3 Rfe8 17. Rae1 Ne4 18. Nxe4 dxe4 19. Bxe4 Qb5 20. Bxb7 Rab8 21. Bxe7 Rxb7 22. Bh4 Rxe1 23. Rxe1 Rb8 24. Qe3 h6 25. Bg3 Rd8 26. c4 Qa5 27. Qc1 Qb6 28. Rd1 Re8 29. Re1 Rd8 30. Bh4 Rd7 31. Qc3 Qd6 32. Qe3 Kh7 33. Qe4+ g6 34. Bg3 Qd2 35. h3 Qb2 36. Qc6 Rd2 37. Qc7 Qf6 38. Bh4 0-1